000 00509nam a2200217Ia 4500
003 OSt
005 20220924143207.0
006 a|||||r|||| 00| 0
007 ta
008 220923b |||||||| |||| 00| 0 ori d
024 _a307131
037 _cTextual
040 _aARTS
_cARTS
_bORI
041 _2ORI
_aORI
082 _aR, 1591L7
100 _aDevi R.
_9215022
245 0 _aMocutika Darshan
260 _c1977
942 _hR, 1591L7
_cTEXL
_2CC
999 _c453540
_d453540